Urumbukal (Record no. 194504)

MARC details
000 -LEADER
fixed length control field 00594nam a22002297a 4500
003 - CONTROL NUMBER IDENTIFIER
control field OSt
020 ## - INTERNATIONAL STANDARD BOOK NUMBER
International Standard Book Number 9788176388412
082 ## - DEWEY DECIMAL CLASSIFICATION NUMBER
Classification number 595.796
Item number MAN/UR
100 ## - MAIN ENTRY--PERSONAL NAME
Personal name Manoj Vambayam
245 ## - TITLE STATEMENT
Title Urumbukal
Remainder of title /ഉറുമ്പുകള്‍
260 ## - PUBLICATION, DISTRIBUTION, ETC. (IMPRINT)
Place of publication, distribution, etc Thiruvananthapuram
Name of publisher, distributor, etc Kerala Bhasha Institute
Date of publication, distribution, etc 2014
300 ## - PHYSICAL DESCRIPTION
Extent 72p
500 ## - GENERAL NOTE
General note Urubbukal
500 ## - GENERAL NOTE
General note മനോജ്‌ വെമ്പായം
500 ## - GENERAL NOTE
General note Kalesh Sadasivan
546 ## - LANGUAGE
Language note Malayalam
650 ## - SUBJECT ADDED ENTRY--TOPICAL TERM
Topical term or geographic name as entry element Myrmecology
650 ## - SUBJECT ADDED ENTRY--TOPICAL TERM
Topical term or geographic name as entry element Arthropoda
650 ## - SUBJECT ADDED ENTRY--TOPICAL TERM
Topical term or geographic name as entry element Ants
700 ## - ADDED ENTRY--PERSONAL NAME
Personal name Kalesh Sadasivan
942 ## - ADDED ENTRY ELEMENTS (KOHA)
Source of classification or shelving scheme Dewey Decimal Classification
Koha item type Books (General)
Holdings
Lost status Source of classification or shelving scheme Damaged status Not for loan Collection code Home library Current library Shelving location Date acquired Cost, normal purchase price Total Checkouts Full call number Barcode Checked out Date last seen Date last borrowed Koha item type
  Dewey Decimal Classification     General KAU Central Library, Thrissur KAU Central Library, Thrissur General 09/06/2020 60.00 3 595.796 MAN/UR 229895 11/06/2026 25/05/2026 25/05/2026 Books (General)
Kerala Agricultural University Central Library
Thrissur-(Dt.), Kerala Pin:- 680656, India
Ph : (+91)(487) 2372219
E-mail: librarian@kau.in
Website: http://library.kau.in/